[Event "Challenge"]
[Site "http://www.queenalice.com/game.php?id=1864601"]
[Date "2025.10.21"]
[Round "-"]
[White "Capixaba789"]
[Black "jogo"]
[Result "1-0"]
[WhiteElo "1834"]
[BlackElo "1910"]

1. d4 Nf6 2. Nc3 d5 3. f4 Ne4 4. e3 Nxc3 5. bxc3 Qd6 6. Nf3 Bg4 7. Be2 f6 8. O-O
a6 9. a4 h6 10. Ba3 Qc6 11. Nh4 Bxe2 12. Qxe2 Qxc3 13. Ng6 Rg8 14. Qg4 Qxe3+ 15.
Kh1 Qxd4 16. Qc8+ Kf7 17. f5 1-0

[Event "Challenge"]
[Site "http://www.queenalice.com/game.php?id=1864712"]
[Date "2025.10.25"]
[Round "-"]
[White "jogo"]
[Black "Zeca1955"]
[Result "1-0"]
[WhiteElo "1885"]
[BlackElo "1898"]

1. e4 e5 2. Nf3 d6 3. d4 h6 4. dxe5 Nc6 5. exd6 Bxd6 6. Bb5 Bd7 7. O-O Qf6 8.
Nc3 O-O-O 9. Nd5 Qg6 10. Re1 Nf6 11. Nh4 Qh7 12. Nxf6 gxf6 13. Nf5 Bxf5 14. exf5
Qxf5 15. Bd3 Qd7 16. Qf3 Be5 17. Bf5 1-0